000 01732nam a2200409 c 4500
999 _c176780
_d176780
003 BLK
005 20250724154952.0
008 180411b bul|||||r ||||||| ||bul||
010 _aKNG00185408000
020 _a9786191861248
040 _aBLK
041 _aBUL
_cBUL
072 7 _2bullib
_aН37
_xОбразование. Педагогика Н
080 _aВъзпитание у дома. Семейно възпитание
_b37.018.1
_z37.018.1
080 _aПсихология на детската възраст. Интелектуално развитие на децата. Психически особености. Детски представи, описани в разкази
_b159.922.7
_z159.922.7
100 1 _aЮл, Йеспер
_eпърви автор
_9144911
139 _aЮл, Йеспер
_bЮ 20
245 1 0 _aИзкуството да казваш "не" с чиста съвест
_cЙеспер Юл.
257 _aDAN
260 _bЖанет 45
_c2015
_aПловдив
300 _a112 с.
_c21 см
380 _a3
500 _aОриг. загл.: Kunsten at sige nei - med god samvittighed / Jesper Juul
650 4 _aСемейно възпитание
_9263959
650 4 _aДетска и педагогическа психология
_9244538
653 _aсемейно възпитание
653 _aдетска психология
653 _aпедагогическа психология
659 _aН
852 _aЦб 278544
856 4 _qpdf
856 4 _qpdf
942 _cKNG
_n0
_s1
_013
944 _aCR
_c09.12.2015
_k30531
_lЦветелина Шанова
944 _aED
_c29.08.2017
_kВиолета_Тройчева
999 _d176780